Finančná gramotnosť je slabá Čo všetko človek (ne)vie o svojich peniazoch?
Obsahové vymedzenie pojmu finančná gramotnosť. Finančná gramotnosť v USA. Porovnanie správania sa ľudí s rozličným stupňom finančnej gramotnosti. Muži, ženy a peniaze. Absencia prieskumu finančnej gramotnosti na Slovensku.
Enregistré dans:
| Auteur principal: | |
|---|---|
| Format: | Chapitre de livre |
| Langue: | slovaque |
| Sujets: | |
| Tags: |
Pas de tags, Soyez le premier à ajouter un tag!
|
MARC
| LEADER | 00000naa$a2200000$$$4500 | ||
|---|---|---|---|
| 001 | 0039745 | ||
| 005 | 20231019083934.9 | ||
| 041 | 0 | |a slo | |
| 044 | |a SK | ||
| 245 | 1 | 0 | |a Finančná gramotnosť je slabá |b Čo všetko človek (ne)vie o svojich peniazoch? |c Vladimír Baláž |
| 520 | |a Obsahové vymedzenie pojmu finančná gramotnosť. Finančná gramotnosť v USA. Porovnanie správania sa ľudí s rozličným stupňom finančnej gramotnosti. Muži, ženy a peniaze. Absencia prieskumu finančnej gramotnosti na Slovensku. | ||
| 610 | 2 | 0 | |a vzdelanie |
| 610 | 2 | 0 | |a peniaze |
| 610 | 2 | 0 | |a USA |
| 610 | 2 | 0 | |a muži |
| 610 | 2 | 0 | |a ženy |
| 610 | 2 | 0 | |a financie osobné |
| 610 | 2 | 0 | |a Slovensko |
| 610 | 2 | 0 | |a karty platobné |
| 610 | 2 | 0 | |a úver |
| 610 | 2 | 0 | |a poradenstvo finančné |
| 100 | 1 | |a Baláž, Vladimír | |